| Tag |
First Indicator |
Second Indicator |
Subfields |
| LEADER |
00000cam a2200000 a 4500 |
| 001 |
in00000018960 |
| 005 |
20151007054122.0 |
| 008 |
870904s1988 pau b 00110 eng |
| 010 |
|
|
|a 87045892
|
| 020 |
|
|
|a 0800620852 (pbk.)
|
| 035 |
|
|
|a (OCoLC)16716992
|
| 035 |
|
|
|9 AAB4041AM
|
| 040 |
|
|
|a DLC
|c DLC
|d TXA
|d UtOrBLW
|
| 043 |
|
|
|a n-us---
|
| 049 |
|
|
|a TXAM
|c [A11494293]
|
| 050 |
0 |
0 |
|a E840.8.J35
|b H38 1988
|
| 082 |
0 |
|
|a 323.4/092/4
|2 19
|
| 100 |
1 |
|
|a Hatch, Roger D.
|
| 245 |
1 |
0 |
|a Beyond opportunity :
|b Jesse Jackson's vision for America /
|c Roger D. Hatch.
|
| 264 |
|
1 |
|a Philadelphia :
|b Fortress Press,
|c [1988]
|
| 264 |
|
4 |
|c ©1988
|
| 300 |
|
|
|a 165 pages ;
|c 22 cm.
|
| 336 |
|
|
|a text
|b txt
|2 rdacontent
|
| 337 |
|
|
|a unmediated
|b n
|2 rdamedia
|
| 338 |
|
|
|a volume
|b nc
|2 rdacarrier
|
| 504 |
|
|
|a Bibliography: pages 136-157.
|
| 500 |
|
|
|a Includes index.
|
| 600 |
1 |
0 |
|a Jackson, Jesse,
|d 1941-
|x Political and social views.
|
| 651 |
|
0 |
|a United States
|x Politics and government
|y 1981-1989.
|
| 651 |
|
0 |
|a United States
|x Economic policy
|y 1981-1993.
|
| 651 |
|
0 |
|a United States
|x Social policy
|y 1980-1993.
|
| 999 |
|
|
|a MARS
|
| 999 |
f |
f |
|s fecc6ebc-e82a-3da1-b04d-125c5e612be5
|i ca9ade06-7d3d-33bf-8c5c-3df97cd36c0d
|t 0
|
| 952 |
f |
f |
|p ric
|a Texas A&M University
|b Rellis Campus
|c Joint Library Facility
|d Remote Storage
|t 0
|e E840.8.J35 H38 1988
|h Library of Congress classification
|i unmediated -- volume
|m A14811494293
|
| 998 |
f |
f |
|a E840.8.J35 H38 1988
|t 0
|l Remote Storage
|